000 00267nam a2200097Ia 4500
001 977318
005 20250826220724.0
008 250824s9999 xx 000 0 und d
245 0 _aCEMİL MERİÇİN DÜNYASI
_cMUSTAFA ARMAĞAN-SEZAİ COŞKUN
260 _bKETEBE YAYINLARI
999 _c977318
_d977318